Gestión Directiva: Módulos 1 a 4.

Bibliographic Details
Main Author: Amarante, Ana María
Format: Libro
Language:English
Published: Buenos Aires Magisterio del Río de la Plata 2000
Series:Respuestas educativas
Subjects:

MARC

LEADER 00000cam a2200000 a 4500
001 014872
003 UAHC_CL
005 20170803121203.0
008 010822b xx j 000 1 eng
040 |a UAHC_CL  |c UAHC_CL  |d UAHC_CL 
100 1 |a Amarante, Ana María 
245 1 0 |a Gestión Directiva: Módulos 1 a 4. 
260 |b Magisterio del Río de la Plata  |c 2000  |a Buenos Aires 
300 |a 157 p. 
490 0 |a Respuestas educativas 
650 4 |a PERFECCIONAMIENTO DOCENTE 
650 4 |a ADMINISTRACION ESCOLAR 
650 4 |a PLANIFICACION EDUCATIVA 
900 |a 370.983 AMA 
942 |c BK 
952 |0 0  |1 0  |4 0  |6 370_983000000000000_AMA  |7 0  |8 General  |9 29771  |a BC  |b BC  |c General  |d 2017-08-03  |o 370.983 AMA  |p 1313588  |r 2026-01-13 00:00:00  |t 1  |w 2017-08-03  |y BK 
999 |c 14872  |d 14872